000 00333nam a22001337a 4500
008 250422b |||||||| |||| 00| 0 eng d
020 _a9788120757585
050 _aJK 4635
_b.J64
100 _aJohari J.C
245 _aComparative Politics
260 _aIndia
_bSterling Publishers Private LTD
_c2011
300 _a520p.
942 _cBK
999 _c3078
_d3078